| 000 | 00514cam a22001457a 4500 | ||
|---|---|---|---|
| 008 | 180718b1969 xxu||||| |||| 00| 0 eng d | ||
| 082 | _aT19x54 Si64 | ||
| 245 |
_aBunch of current Indian studies : a study of functional economics of areas and ideas _cedited by M.R. Sinha |
||
| 260 |
_aBombay _bIndian Institute of Asian Studies _c1969 |
||
| 300 | _a148p. | ||
| 650 | _aIndia --Economic policy | ||
| 650 | _aIndia --Social conditions --1947 | ||
| 650 | _aIndia --Economic conditions --1947 | ||
| 700 | _aSinha, M.R. | ||
| 999 |
_c436942 _d436942 |
||